Statistics for DragonBall Z Saiyan Quiz

Click here to take the quiz!

General Stats

  • This quiz has been taken 1,702 times
  • The average score is 17 of 31

Answer Stats

HintAnswer% Correct
The main character of Dragon BallSon Goku/Kakarot
100%
The Prince of the SaiyansVegeta
99%
Goku's older BrotherRaditz
96%
What is Goku and Raditz's father's name?Bardock
91%
The King of the SaiyansKing Vegeta
90%
What feature are all Saiyans born with?A monkey tail
89%
Super FormSuper Saiyan
84%
This Super Form is stated to change the Saiyan's personality more so than any other formSuper Saiyan 2
77%
Who was the first half Saiyan born?Son Gohan
76%
Who was the third half Saiyan born?Son Goten
75%
Who was the second half Saiyan born?Trunks
74%
This form uses up a lot of kiSuper Saiyan 3
71%
Goku's look-alike from Tree of MightTurles
71%
The final Super Form achieved in Dragon Ball GTSuper Saiyan 4
70%
What can Saiyans turn into in the presence of a full moon?Oozaru
69%
What was the planet re-named after the Saiyans took it over?Planet Vegeta
68%
Who was the only quarter Saiyan born?Pan
67%
What color must the Oozaru's fur turn before someone can achieve the Final level of Super Saiyan?Gold (Yellow)
57%
Who was Vegeta's loyal assistant and comrad in arms?Nappa
53%
Who was the fourth half Saiyan born?Bra
51%
Who is Vegeta's younger brother, introduced in the 2008 special "Yo! Son Goku and his friends return!"?Tarble
39%
What is the name of the race that the Saiyans destroyed in order to claim the planet as their own?The Tuffles
27%
Super Form 1 (Partial transformation)False Super Saiyan
23%
What is the coined term for the power increase that Saiyans recieve from recovering from injuries?Zenkai
22%
Who is the only full-blooded female Saiyan ever seen?Fasha
17%
Super Form (Mastered Version)Super Saiyan Full Power
12%
Bardock's red headband is the blood-soaked armband of which member of his team?Toma
10%
Super Form (Form particular to one person)Legendary Super Saiyan
6%
In Toriyama's self-parody manga Neko Majin, who is the Saiyan that hangs out with Freeza's son Kuriza?Onio
2%
Super Form (first modification)Super Saiya-jin Dai Ni Denkai (Second Grade)
2%
Super Form (second modification)Super Saiya-jin Dai San Denkai (Third Grade)
2%

Score Distribution

Percentile by Number Answered

Percent of People with Each Score

Your Score History

You have not taken this quiz